Modelo de gestión ambiental de las micro regiones VI, VII y VIII del municipio de Condega - Estelí
Presenta un modelo de gestión ambiental del micro regiones VI, VII Y VIII del municipio de Condega, aplicando instrumentos metodológicos para el desarrollo de sistemas de gestión ambiental. Describe un estudio base del ecosistema de las micro regiones VI,VII, Y VIII del municipio de Condega; diag...
| Main Author: | |
|---|---|
| Other Authors: | |
| Format: | Tesis Section = Libro |
| Language: | Undetermined Spanish |
| Published: |
Managua
UNI
2004
|
| Subjects: |
| LEADER | 01420nam a2200253Ia 4500 | ||
|---|---|---|---|
| 008 | 240830s9999 xx 000 0 und d | ||
| 040 | |a BIBLIOTECA-RUSB/ T.Mon 333.7 A465 | ||
| 041 | |a spa | ||
| 082 | |a T.Mon 333.7 A465 | ||
| 100 | 1 | |a Altamirano Altamirano, Gregoria | |
| 245 | 1 | 0 | |a Modelo de gestión ambiental de las micro regiones VI, VII y VIII del municipio de Condega - Estelí |
| 260 | |a Managua |b UNI |c 2004 | ||
| 300 | |a 116 p. :il. | ||
| 500 | |a Contiene: anexos. | ||
| 502 | |a Tesis (Especialista en Gestión Ambiental y Proyectos de Desarrollo Rural) - UNI, 2004. | ||
| 520 | 3 | |a Presenta un modelo de gestión ambiental del micro regiones VI, VII Y VIII del municipio de Condega, aplicando instrumentos metodológicos para el desarrollo de sistemas de gestión ambiental. Describe un estudio base del ecosistema de las micro regiones VI,VII, Y VIII del municipio de Condega; diagnostica la problemática ambiental del entorno de las micro regiones, identifica el marco jurídico normativo para ser aplicado en el manejo de las micro regiones VI,VII , VIII del Municipio de Conde | |
| 650 | 7 | |a MEDIO AMBIENTE - GESTION AMBIENTAL - MICRO REGIONES CONDEGA | |
| 650 | 7 | |b FACTORES AMBIENTALES - CONDEGA | |
| 650 | 7 | |c IMPACTOS AMBIENTALES - MICRO REGIONES CONDEGA | |
| 650 | 7 | |d INDICADOR AMBIENTAL | |
| 700 | 1 | |a Tutor: |b Milán Pérez, José Antonio | |
| 942 | |c BK |2 ddc | ||
| 991 | |a TESIS | ||
| 999 | |c 21665 | ||